| 000 | 00532nam a22001937a 4500 | ||
|---|---|---|---|
| 999 |
_c6190 _d6190 |
||
| 003 | GBCCL | ||
| 005 | 20241126110558.0 | ||
| 008 | 180503b ||||| |||| 00| 0 eng d | ||
| 040 | _cgbc | ||
| 082 |
_a813.54 _bALC |
||
| 100 |
_aAlcock, Deborah _911125 |
||
| 245 |
_aTales of martyr times / _cDeborah Alcock |
||
| 250 | _a1st Ind. ed. | ||
| 260 |
_aBombay: _bGospel Literature service, _c1967 |
||
| 300 |
_a158 p.; _c17 cm. |
||
| 650 |
_aMartyrdom _vChristianity _xFiction _911126 |
||
| 650 |
_aShort stories _911127 |
||
| 942 |
_2ddc _cBK |
||